|
|
|
|
| LEADER |
00000nbm0a2200000 4500 |
| 001 |
361475 |
| 005 |
20231102011407.0 |
| 035 |
|
|
|a (RuTPU)RU\TPU\retro\18803
|
| 090 |
|
|
|a 361475
|
| 100 |
|
|
|a 20210607j1981 k y0rusy50 ca
|
| 101 |
0 |
|
|a rus
|
| 102 |
|
|
|a RU
|
| 105 |
|
|
|a a m 001zy
|
| 200 |
1 |
|
|a Несамостоятельный объёмный разряд с неоднородной ионизацией газа быстрыми электронами
|e диссертация на соискание ученой степени кандидата физико-математических наук
|e спец. 01.04.08
|f В. Б. Пономарев
|g Томский политехнический институт, Научно-исследовательский институт электронной интроскопии ; науч. рук. Г. А. Месяц
|
| 210 |
|
|
|a Томск
|c [Б. и.]
|d 1981
|
| 215 |
|
|
|a 188 л.
|c ил.
|
| 300 |
|
|
|a Защищена в 1981 г.
|
| 320 |
|
|
|a Библиогр.: с. 146-153 (79 назв.)
|
| 606 |
1 |
|
|a Газовый разряд
|x (физика плазмы)
|2 stltpush
|3 (RuTPU)RU\TPU\subj\5044
|9 33211
|
| 610 |
1 |
|
|a физика
|
| 610 |
1 |
|
|a ионизация
|
| 610 |
1 |
|
|a быстрые электроны
|
| 610 |
1 |
|
|a электрический ток
|
| 610 |
1 |
|
|a расчеты
|
| 610 |
1 |
|
|a электрические поля
|
| 610 |
1 |
|
|a электрические поля
|
| 610 |
1 |
|
|a газоразрядная плазма
|
| 610 |
1 |
|
|a диссертации
|
| 610 |
1 |
|
|a труды учёных ТПУ
|
| 675 |
|
|
|a 533.9(04)
|v 4
|
| 686 |
|
|
|a 01.04.08
|2 oksvnk
|
| 700 |
|
1 |
|a Пономарев
|b В. Б.
|g Владимир Борисович
|
| 702 |
|
1 |
|a Месяц
|b Г. А.
|c российский физик
|c академик, вице-президент РАН
|c выпускник Томского политехнического института
|f 1936-
|g Геннадий Андреевич
|x TPU
|2 stltpush
|3 (RuTPU)RU\TPU\pers\17099
|4 727
|
| 712 |
0 |
2 |
|a Томский политехнический институт
|b Научно-исследовательский институт электронной интроскопии
|2 stltpush
|3 (RuTPU)RU\TPU\col\12415
|9 25379
|
| 801 |
|
1 |
|a RU
|b 63413507
|c 20210607
|
| 801 |
|
2 |
|a RU
|b 63413507
|c 20210902
|g RCR
|
| 942 |
|
|
|c BK
|